Új trendek a családbarát szállodák minősítésében

Bibliographic Details
Main Author: Dévényi Ágnes
Other Authors: Karakasné Morvay Klára
Format: Thesis
Kulcsszavak:családbarát
Online Access:http://dolgozattar.uni-bge.hu/7573

MARC

LEADER 00000nta a2200000 i 4500
001 dolg7573
005 20161206102837.0
008 161007suuuu hu om 000 hun d
040 |a BGE Dolgozattár Repozitórium  |b hun 
041 |a hu 
100 1 |a Dévényi Ágnes 
245 1 0 |a Új trendek a családbarát szállodák minősítésében  |c Dévényi Ágnes  |h [elektronikus dokumentum] 
695 |a családbarát 
700 1 |a Karakasné Morvay Klára  |e ths 
856 4 0 |u http://dolgozattar.uni-bge.hu/7573/3/Szakdolgozat-D%C3%A9v%C3%A9nyi%20%C3%81gnes%20m%C3%B3dos%C3%ADtott.pdf  |z Dokumentum-elérés